Every 500+ Settlement in Berkshire Quiz Stats

Quiz not verified by Sporcle

Challenge
Share
Tweet
Embed
Score 0/60 Timer 10:00
0 Plays Today
Rank Settlement % Correct
1.Reading
99.2%
2.Slough
86.4%
4.Maidenhead
83.3%
8.Windsor
83.3%
3.Bracknell
82.6%
6.Newbury
78.8%
5.Wokingham
72.7%
13.Twyford
61.4%
9.Thatcham
60.6%
29.Eton
56.8%
17.Hungerford
55.3%
20.Pangbourne
51.5%
7.Woodley
49.2%
26.Theale
47.7%
11.Crowthorne
40.2%
10.Sandhurst
38.6%
18.Datchet
36.4%
16.Cookham
34.8%
21.Mortimer
34.8%
27.Wargrave
33.3%
44.Streatley
28.8%
52.Finchampstead
28.8%
30.Kintbury
28%
15.Burghfield Common
26.5%
12.North Ascot
25%
19.Spencers Wood
25%
45.Woolhampton
25%
23.Lambourn
22.7%
14.Wraysbury
20.5%
35.Hurst
20.5%
Rank Settlement % Correct
24.Charvil
18.2%
28.Hermitage
18.2%
40.Chieveley
17.4%
53.Swallowfield
17.4%
32.Cold Ash
16.7%
36.Bradfield
16.7%
33.Compton
15.9%
34.Upper Basildon
15.2%
58.East Ilsley
15.2%
51.Hurley
14.4%
25.Arborfield Garrison
12.1%
31.Eton Wick
12.1%
60.Waltham St Lawrence
11.4%
41.Aldermaston Wharf
9.8%
43.Knowl Hill
9.8%
48.Beenham
8.3%
55.Hampstead Norreys
8.3%
56.Riseley
8.3%
39.Upper Bucklebury
7.6%
38.Horton
6.8%
50.Arborfield Cross
6.8%
42.Great Shefford
6.1%
57.Fifield
4.5%
59.East Garston
4.5%
22.Poyle
3.8%
37.Cranbourne
3.8%
47.Cheapside
3%
54.Chapel Row
3%
46.Ashmore Green
2.3%
49.Southend
1.5%

You're not logged in!

Compare scores with friends on all Sporcle quizzes.
Sign Up with Email
OR
Log In

You Might Also Like...

Show Comments

Extras

Top Quizzes Today


Score Distribution

Your Account Isn't Verified!

In order to create a playlist on Sporcle, you need to verify the email address you used during registration. Go to your Sporcle Settings to finish the process.